Väčšiu odvahu pri obchodovaní v Číne

Rozhovor s P. Paulenom, veľvyslancom Slovenska v Číne. Celková úroveň čínsko-slovenských obchodných vzťahov. Návštevy slovenských podnikateľských skupín v Číne a ich prínos. Rozvíjanie ekonomických vzťahov Slovensko-Čína. Spolupráca v oblasti vzdelávania.

Salvato in:
Dettagli Bibliografici
Autore principale: Paulen, Peter
Natura: Capitolo di libro
Lingua:slovacco
Soggetti:
Tags: Aggiungi Tag
Nessun Tag, puoi essere il primo ad aggiungerne!!

MARC

LEADER 00000naa a2200000 4500
001 r047132
005 20230825103655.7
041 0 |a slo 
044 |a SK 
245 1 0 |a Väčšiu odvahu pri obchodovaní v Číne  |c Peter Paulen 
520 |a Rozhovor s P. Paulenom, veľvyslancom Slovenska v Číne. Celková úroveň čínsko-slovenských obchodných vzťahov. Návštevy slovenských podnikateľských skupín v Číne a ich prínos. Rozvíjanie ekonomických vzťahov Slovensko-Čína. Spolupráca v oblasti vzdelávania. 
610 2 0 |a obchod zahraničný 
610 2 0 |a spolupráca hospodárska medzinárodná 
610 2 0 |a vzťahy ekonomické 
610 2 0 |a vzťahy hospodárske vonkajšie 
610 2 0 |a vzťahy obchodné 
610 2 0 |a Slovensko 
610 2 0 |a Čína 
100 1 |a Paulen, Peter